=LDR 00000nam 2200000 4500 =001 INLIS000000000023816 =005 20210201081700 =035 ##$$a 0010-061300000023816 =008 210201################g##########0#ind## =041 ##$$a ind =082 ##$$a 337 =090 ##$$a 337, Bud e =100 ##$$a Budiono =245 1#$$a Ekonomi Internasional /$c Boediono =250 ##$$a Edisi Pertama =260 ##$$a Yogyakarta :$b BPFE,$c 2001 =300 ##$$a viii, 184 hlm. : $b ilus. ; $c 23 x 16 cm. =650 #4$$a Ilmu Ekonomi =850 ##$$a NBPNMAT =020 ##$$a 979-503-047-7 =084 ##$$a 337 BUD e =500 ##$$a Seri sinopsis =990 ##$$a 20700125